000 00565nam a2200145 a 4500
008 090701s2008 ||||||||||||||||| || u
050 _aCBU-EXT(02)
100 _aKalulu Y. Kelvin
245 1 0 _aLibrary and information studies practical report
260 _aKitwe
_bCopperbelt University Library
_c2008
300 _av, 21p.
350 _a0.00
650 _aLIBRARY AND INFORMATION STUDIES REPORT
995 _D0.00
_FCBU-MAIN LIBRARY (Kitwe)
_H1
_I0.00
_M1
_UAVAILABLE
_WJul 1, 2009
_ZInternational Publications
999 _c49185
_d49185